| 000 | 00859cam a2200277u 4500 | ||
|---|---|---|---|
| 001 | 27896 | ||
| 003 | BD-RjUL | ||
| 005 | 20211209051220.0 | ||
| 008 | 140327s1930 nyuab 001 0 eng | ||
| 035 | _a(BD-RjUL)27976 | ||
| 040 |
_aDLC _cCarP _dDLC _beng |
||
| 041 | _aeng | ||
| 082 |
_a973 _bBER 1930 |
||
| 100 | 1 |
_aBeard, Charles A. _q(Charles Austin), _d1874-1948. _98812 |
|
| 245 | 1 | 4 |
_aThe rise of American civilization / _cCharles A. Beard |
| 250 | _aOne volume ed. | ||
| 260 |
_aNew York : _bThe Macmillan company, _c1930. |
||
| 300 |
_a5 p.l., 3-824 p. : _bill. ; _c22 cm. |
||
| 504 | _aincludes index | ||
| 651 | 0 |
_aUnited States _xCivilization. _985560 |
|
| 651 | 0 |
_aUnited States _xHistory. _985561 |
|
| 700 | 1 |
_aBeard, Mary Ritter, _d1876-1958, _ejoint author. _912265 |
|
| 942 |
_2ddc _cBK |
||
| 999 |
_c27896 _d27896 |
||